| 000 | 01133nac a22003257a 4500 | ||
|---|---|---|---|
| 001 | BR8104700 | ||
| 003 | BR-BrBNA | ||
| 005 | 20240105115039.0 | ||
| 008 | 230509b bl.|||m| |||| 00| 0 por d | ||
| 040 |
_aBR-BrBNA _bpor _cBiblioteca Nacional de Agricultura |
||
| 072 | _aF00; E70; E30 | ||
| 090 | _a9320 BR8104700 | ||
| 100 | 1 | _aCanabrava, A.P. | |
| 110 | 1 |
_aUniversidade de Sao Paulo, SP (Brasil). Inst. de Pesquisas Economicas _910562 |
|
| 245 | 1 | _aO acucar nas antilhas (1675-1755)[Desenvolvimento agricola; Economia da producao; Mercado; Mercado internacional; Engenho; Exportacao; Brasil] | |
| 260 | 3 |
_aSao Paulo, SP (Brasil): _c1981. |
|
| 300 | _a257 p. | ||
| 490 |
_aEnsaios Economicos - Universidade de Sao Paulo. Inst. de Pesquisas Economicas (Brazil) _vno. 15 _x |
||
| 650 | _aDESENVOLVIMENTO AGRICOLA | ||
| 650 | _aACUCAR | ||
| 650 | _aCANA DE ACUCAR | ||
| 650 | _aACUCAR MASCAVO | ||
| 650 | _aECONOMIA DA PRODUCAO | ||
| 650 | _aMERCADO | ||
| 650 | _aMERCADO INTERNACIONAL | ||
| 650 | _aENGENHO | ||
| 650 | _aEXPORTACAO | ||
| 909 |
_a202312 _bLúcia Elande _c55 _dLúcia Elande |
||
| 942 |
_2AGRIS _n0 _cMS |
||
| 999 |
_c272745 _d272745 |
||